Statistics for Top 15 Countries with Covid-19 Deaths - 4 Apr 2021

Click here to take the quiz!

General Stats

  • This quiz has been taken 14 times
  • The average score is 17 of 25

Answer Stats

country% Correct
France
100%
United Kingdom
100%
United States
100%
India
92%
Russia
92%
Argentina
85%
Brazil
85%
Italy
85%
Mexico
85%
Spain
85%
Germany
77%
Poland
69%
South Africa
69%
Czechia
62%
Belgium
54%
Colombia
54%
Portugal
54%
Slovakia
54%
Iran
46%
Peru
46%
Slovenia
46%
Bosnia and
Herzegovina
38%
Bulgaria
38%
Hungary
38%
North Macedonia
31%

Score Distribution

Percentile by Number Answered

Percent of People with Each Score

Your Score History

You have not taken this quiz